| 000 | 01234nam a2200253 a 4500 | ||
|---|---|---|---|
| 001 | BRCA_9053 | ||
| 005 | 20190320210516.0 | ||
| 008 | 010917s1776----u--#######---#000-0#spa-# | ||
| 041 | _aspa | ||
| 044 | _asp | ||
| 084 |
_aBE116 _b.M45 1776 |
||
| 100 | 1 |
_aMelgarejo, Pedro _922418 |
|
| 245 | 1 | 0 |
_aCompendio de contratos públicos, autos de participaciones, ejecutivos, y de residencias, con el genero del papel sellado que á cada despacho toca _crecopilado por Don Pedro Melgarejo, y añadidos muchos Contratos nuevos, y necesarios por el mismo autor. |
| 260 |
_aMadrid _bEn la Imprenta de Josef Doblado _c1776 |
||
| 300 |
_a377 p. _c21.5 x 15.5 cm |
||
| 500 | _aCon licencia | ||
| 500 | _aEn portada: A los apuntamientos, ó Notas, con que se contradigeron algunos párrafos el año de mil seiscientos sesenta y quatro | ||
| 500 | _aEn portada: Corregido, y emendado en esta ultima Impresión de los yerros que tenían los antecedentes | ||
| 500 | _aEstado físico: presenta encuadernación en pergamino con lomo desprendido y cintas rotas | ||
| 650 | 1 | 4 |
_aContratos administrativos _yObras anteriores a 1800 _zEspaña _922419 |
| 650 | 1 | 4 |
_aEconomía _yObras anteriores a 1800 _zEspaña _922420 |
| 902 | _aCFM | ||
| 942 |
_2lcc _cB |
||
| 999 |
_c8703 _d8703 |
||